<?xml version="1.0" encoding="UTF-8"?>
<marc:record xmlns:marc="http://www.loc.gov/MARC21/slim">
   <marc:leader>00000nam a2200000 a 4500</marc:leader>
   <marc:datafield ind1="1" ind2=" " tag="100">
      <marc:subfield code="a">Paluten</marc:subfield>
      <marc:subfield code="4">aut</marc:subfield>
      <marc:subfield code="e">Verfasser/-in</marc:subfield>
   </marc:datafield>
   <marc:datafield ind1="0" ind2="0" tag="245">
      <marc:subfield code="a">Freedom - Schlamassel im Weltall</marc:subfield>
   </marc:datafield>
   <marc:datafield ind1=" " ind2="1" tag="264">
      <marc:subfield code="b">Community Editions</marc:subfield>
      <marc:subfield code="c">2020</marc:subfield>
   </marc:datafield>
   <marc:datafield ind1="1" ind2=" " tag="520">
      <marc:subfield code="a">Paluten und seine Freunde verschlägt es in den Weltraum! Die Hühner der EI-FS (der »Echt Intergalaktischen Flughuhn-Station«) haben den Freedom Squad um Hilfe gerufen. Ein Unbekannter droht, sie anzugreifen! Paluten und sein bester Freund, das Schwein Edgar, brechen sofort auf. Auch Evil ist mit von der Partie, um unsere Abenteurer zu unterstützen.</marc:subfield>
   </marc:datafield>
   <marc:datafield ind1=" " ind2=" " tag="020">
      <marc:subfield code="a">9783960961062</marc:subfield>
      <marc:subfield code="9">9783960961062</marc:subfield>
   </marc:datafield>
</marc:record>
